LEADER 01000nam a22002531i 4500 001 991003531619707536 005 20030902110105.0 008 031111s1985 uika||||||||||||||||eng 035 $ab12439848-39ule_inst 035 $aARCHE-047313$9ExL 040 $aDip.to Lingue$bita$cA.t.i. Arché s.c.r.l. Pandora Sicilia s.r.l. 082 04$a428 100 1 $aDoorley, Damien$0251041 245 10$aFirst certificate English practice tests /$cDamien Doorley and Joanna Gray 260 $aEastbourne :$bCassell,$c1985 300 $a96 p. :$bill. ;$c25 cm 650 4$aLingua inglese$xManuali 700 1 $aGray, Joanna$eauthor$4http://id.loc.gov/vocabulary/relators/aut$0251042 907 $a.b12439848$b02-04-14$c13-11-03 912 $a991003531619707536 945 $aLE012 D 277$g1$i2012000071933$lle012$o-$pE0.00$q-$rl$s- $t0$u1$v0$w1$x0$y.i12865941$z13-11-03 996 $aFirst certificate English practice tests$91459332 997 $aUNISALENTO 998 $ale012$b13-11-03$cm$da $e-$feng$guik$h0$i1 LEADER 01319nam 2200421 450 001 9910825904403321 005 20160528081204.0 010 $a0-8108-9324-X 010 $a0-8108-9133-6 035 $a(CKB)2670000000599594 035 $a(MiAaPQ)EBC1983586 035 $a(EXLCZ)992670000000599594 100 $a20150319h20152015 uy 0 101 0 $aeng 135 $aurcnu|||||||| 181 $2rdacontent 182 $2rdamedia 183 $2rdacarrier 200 10$aChildren's services today $ea practical guide for librarians /$fJeanette Larson 210 1$aLanham, Maryland :$cRowman & Littlefield,$d2015. 210 4$d©2015 215 $a1 online resource (219 pages) $cillustrations 225 1 $aPractical Guides for Librarians ;$vNumber 14 311 $a1-336-15159-5 311 $a0-8108-9132-8 320 $aIncludes bibliographical references at the end of each chapters and index. 410 0$aPractical guides for librarians ;$vNumber 14. 606 $aChildren's libraries$zUnited States 615 0$aChildren's libraries 676 $a027.62/50973 700 $aLarson$b Jeanette$01671273 801 0$bMiAaPQ 801 1$bMiAaPQ 801 2$bMiAaPQ 906 $aBOOK 912 $a9910825904403321 996 $aChildren's services today$94033713 997 $aUNINA